El Ateneo de Madrid como espacio de experimentación social (Record no. 125330)

MARC details
000 -LEADER
campo de control de longitud fija 00902nam a2200253 i 4500
001 - NÚMERO DE CONTROL
campo de control 125330
003 - IDENTIFICADOR DE NÚMERO DE CONTROL
campo de control ES-MaACL
005 - FECHA Y HORA DE LA ÚLTIMA TRANSACCIÓN
campo de control 20250704062545.0
007 - CAMPO FIJO DE DESCRIPCIÓN FÍSICA--INFORMACIÓN GENERAL
campo de control de longitud fija t|
008 - DATOS DE LONGITUD FIJA--INFORMACIÓN GENERAL
campo de control de longitud fija 070605s2007 sp |||| | spa d
080 ## - NÚMERO DE LA CLASIFICACIÓN DECIMAL UNIVERSAL
Número de la Clasificación Decimal Universal 061.237(460.27 M.)(091)
100 1# - ENTRADA PRINCIPAL--NOMBRE DE PERSONA
Nombre de persona Abellán, José Luis,
Fechas asociadas al nombre 1933-2023
9 (RLIN) 176509
245 13 - MENCIÓN DEL TÍTULO
Título El Ateneo de Madrid como espacio de experimentación social
Resto del título : [discurso leído el 9 de octubre en la inauguración del curso académico 2006-2007] /
Mención de responsabilidad, etc. por José Luis Abellán.
260 ## - PUBLICACIÓN, DISTRIBUCIÓN, ETC.
Lugar de publicación, distribución, etc. Madrid :
Nombre del editor, distribuidor, etc. Ateneo de Madrid,
Fecha de publicación, distribución, etc. 2007.
300 ## - DESCRIPCIÓN FÍSICA
Extensión 15 p. ;
Dimensiones 21 cm.
610 24 - PUNTO DE ACCESO ADICIONAL DE MATERIA--NOMBRE DE ENTIDAD CORPORATIVA
Nombre de entidad corporativa o nombre de jurisdicción como elemento de entrada Ateneo de Madrid-
Subdivisión de forma Discursos de apertura-
Subdivisión cronológica S.XXI.
9 (RLIN) 1914
610 24 - PUNTO DE ACCESO ADICIONAL DE MATERIA--NOMBRE DE ENTIDAD CORPORATIVA
Nombre de entidad corporativa o nombre de jurisdicción como elemento de entrada Ateneo de Madrid-
Subdivisión de forma Historia
9 (RLIN) 1925
710 2# - ENTRADA AGREGADA--NOMBRE DE ENTIDAD CORPORATIVA
Nombre de entidad corporativa o nombre de jurisdicción como elemento de entrada Ateneo de Madrid.
9 (RLIN) 1875
852 ## - LOCALIZACIÓN
Ubicación ES-MaACL
Número de control de estantería 2231-F-22
852 ## - LOCALIZACIÓN
Ubicación ES-MaACL
Número de control de estantería 2241-F-17
852 ## - LOCALIZACIÓN
Ubicación ES-MaACL
Número de control de estantería 2338-F-8
852 ## - LOCALIZACIÓN
Ubicación ES-MaACL
Número de control de estantería 2338-F-9
Holdings
Estatus retirado Estado de pérdida Fuente del sistema de clasificación o colocación Estado de daño No para préstamo Colección Biblioteca de origen Biblioteca actual Ubicación en estantería Fecha de adquisición Total de préstamos Signatura topográfica completa Código de barras Visto por última vez Precio de reemplazo Tipo de ítem Koha Fuente de adquisición
    Clasificación decimal universal     Fondo Ateneo de Madrid Biblioteca del Ateneo de Madrid Biblioteca del Ateneo de Madrid Depósito folletos 14/03/2019   2338-F-9 1200152 23/02/2023 23/02/2023 Folleto  
          Colección de folletos Biblioteca del Ateneo de Madrid Biblioteca del Ateneo de Madrid Depósito folletos 01/07/2008   2241-F-17 1177319 23/02/2023 23/02/2023 Folleto  
          Colección de folletos Biblioteca del Ateneo de Madrid Biblioteca del Ateneo de Madrid Depósito folletos 17/01/2008   2231-F-22 1130565 23/02/2023 23/02/2023 Folleto  
          Colección de folletos Biblioteca del Ateneo de Madrid Biblioteca del Ateneo de Madrid Depósito folletos 14/03/2019   2338-F-8 1200151 23/02/2023 23/02/2023 Folleto